000 00690nam a2200217 a 4500
999 _c4580
_d4580
001 4580
003 BD-JhCC
005 20171128184949.0
008 171128s1963 bg a|||| ||a| 000 0 bg d
035 _a(BD-JhCC)4580
040 _aBD-JhCC
_dBD-JhCC
041 _aben
082 _a910.4
_bAFR 1963
100 _aআফরিক, জগলুল হায়দার
245 _aসিন্ধু -নীলাব দেশে /
_cজগলুল হায়দার আফরিক,
260 _aঢাকা :
_bনগমা হারীম পাবলিশার্স,
_c1963.
300 _a320 p. :
_c22 cm.
650 _aTravelogue
942 _2ddc
_cBK